000 00561nam a2200169Ia 4500
003 GCL
008 140319s9999 xx 000 0 ara d
040 _aGCL /
_cGCL
082 0 4 _a301.01
_bح م
100 1 _aحسين عبدالحميد احمد رشوان
245 1 0 _aالمجتمع والتصنيع : دراسة فى علم الاجتماع الصناعى /
_cحسين عبدالحميد احمد رشوان
300 _a267 ص
490 _a100 قصة
_v0
650 0 4 _aالاجتماع
650 0 4 _aالاجتماع الصناعى
942 _2ddc
_cBK
999 _c43989
_d43989